| 000 | 00429cam a2200169ua 4500 | ||
|---|---|---|---|
| 020 | _c45.00 | ||
| 041 |
_aeng _h |
||
| 082 |
_a634.43 _bSOH/CH |
||
| 100 | _aSorab, R Gandhi . | ||
| 245 |
_aChiku in India / _cGandhi R sorab. _hTextual Documents |
||
| 260 |
_aNew Delhi : _bIndian Council for Agricultural Research , _c1964. |
||
| 300 | _a36 ; . | ||
| 365 | _a45.00 | ||
| 504 | _a | ||
| 942 | _cBK | ||
| 999 |
_c2697 _d2697 |
||